Curriculum development in higher education : (Record no. 6487)

MARC details
000 -LEADER
fixed length control field 00667nam a22002057a 4500
003 - CONTROL NUMBER IDENTIFIER
control field OSt
005 - DATE AND TIME OF LATEST TRANSACTION
control field 20200128111315.0
008 - FIXED-LENGTH DATA ELEMENTS--GENERAL INFORMATION
fixed length control field 200128b ||||| |||| 00| 0 eng d
020 ## - INTERNATIONAL STANDARD BOOK NUMBER
International Standard Book Number 9780470278512
040 ## - CATALOGING SOURCE
Transcribing agency 040a
082 ## - DEWEY DECIMAL CLASSIFICATION NUMBER
Classification number 375.001
Item number CUR 2007
245 ## - TITLE STATEMENT
Title Curriculum development in higher education :
Remainder of title faculty-driven processes and practices /
Statement of responsibility, etc. Peter Wolf, Julia Christensen Hughes
260 ## - PUBLICATION, DISTRIBUTION, ETC. (IMPRINT)
Place of publication, distribution, etc. San Franscisco
Name of publisher, distributor, etc. Josseybass
Date of publication, distribution, etc. 2007
300 ## - PHYSICAL DESCRIPTION
Extent 113p;
Other physical details ill :
Dimensions 15 am.
504 ## - BIBLIOGRAPHY, ETC. NOTE
Bibliography, etc Includes bibliographical references
650 ## - SUBJECT ADDED ENTRY--TOPICAL TERM
Source of heading or term Curriculum development
700 ## - ADDED ENTRY--PERSONAL NAME
Personal name Wolf, Peter
9 (RLIN) 13339
700 ## - ADDED ENTRY--PERSONAL NAME
Personal name Hughes, Julia Christensen
9 (RLIN) 13340
942 ## - ADDED ENTRY ELEMENTS (KOHA)
Source of classification or shelving scheme Dewey Decimal Classification
Koha item type Open Shelf
Holdings
Withdrawn status Lost status Source of classification or shelving scheme Damaged status Not for loan Home library Current library Source of acquisition Inventory number Total Checkouts Full call number Barcode Date last seen Koha item type
    Dewey Decimal Classification     MUST Main Library MUST Main Library Donation 2014/38309   375.001 CUR 2007 2020-0151 28/01/2020 Open Shelf
    Dewey Decimal Classification     MUST Main Library MUST Main Library Purchase 14/38308   375.001 CUR 2007 2024-21440 26/06/2024 Open Shelf